000 00555nam a2200181Ia 4500
003 GCL
008 140319s9999 xx 000 0 ara d
040 _aGCL /
_cGCL
082 0 4 _a808.8
_bد ن
100 1 _aدار الراتب الجامعية
245 1 0 _aنزاع العائلة /
_cدار الراتب الجامعية
260 _a[S.N] :
_bدار الراتب الجامعية
300 _a119 ص
490 _aروايات سوفينير
_v0
650 0 4 _aالمترجمات
650 0 4 _aالقصص الاجتماعية
942 _2ddc
_cBK
999 _c33676
_d33676